HWWI Policy Report (Record no. 6669)
[ view plain ]
| 000 -LEADER | |
|---|---|
| fixed length control field | 00435nas a22001817i 4500 |
| 001 - CONTROL NUMBER | |
| control field | 7882 |
| 003 - CONTROL NUMBER IDENTIFIER | |
| control field | OSt |
| 005 - DATE AND TIME OF LATEST TRANSACTION | |
| control field | 20170216211011.0 |
| 007 - PHYSICAL DESCRIPTION FIXED FIELD--GENERAL INFORMATION | |
| fixed length control field | tu |
| 008 - FIXED-LENGTH DATA ELEMENTS--GENERAL INFORMATION | |
| fixed length control field | 161220s xxu||||| |||| 00| 0 d |
| 022 ## - INTERNATIONAL STANDARD SERIAL NUMBER | |
| International Standard Serial Number | 1862-4944 |
| 024 7# - OTHER STANDARD IDENTIFIER | |
| Standard number or code | 7882 |
| Source of number or code | RID |
| 040 ## - CATALOGING SOURCE | |
| Transcribing agency | OSt |
| 110 2# - MAIN ENTRY--CORPORATE NAME | |
| Corporate name or jurisdiction name as entry element | Hamburgisches WeltWirtschafts Institut (HWWI) |
| 245 00 - TITLE STATEMENT | |
| Title | HWWI Policy Report |
| 260 ## - PUBLICATION, DISTRIBUTION, ETC. | |
| Place of publication, distribution, etc. | Hamburg. |
| 500 00 - GENERAL NOTE | |
| General note | einzelne Reports vorhanden, nicht katalogisiert |
| 942 ## - ADDED ENTRY ELEMENTS (KOHA) | |
| Koha item type | Paper |
| Withdrawn status | Lost status | Damaged status | Not for loan | Home library | Current library | Shelving location | Date acquired | Inventory number | Total Checkouts | Barcode | Date last seen | Price effective from | Koha item type |
|---|---|---|---|---|---|---|---|---|---|---|---|---|---|
| WIIW | WIIW | Library | 01/13/2009 | 7882 | 10003804 | 01/26/2017 | 01/26/2017 | Paper |
